[Event "Turkey IS Bank Super League 2017"]
[Site "Darica-Kocaeli"]
[Date "2017.07.31"]
[Round "7"]
[White "Buksa, Nataliya"]
[Black "Osmak, Iulija"]
[Result "1/2-1/2"]
[WhiteElo "2328"]
[BlackElo "2353"]
[Annotator "NA"]
[PlyCount "122"]
[EventType "team-tourn"]
[EventCountry "TUR"]
[SourceTitle "playchess.com"]
[Source "ChessBase"]
[SourceQuality "1"]
[TimeControl "40/5400+30:1800+30"]

1. e4 {[%emt 0:00:00]} e6 {[%emt 0:01:00]} 2. d4 {[%emt 0:00:00]} d5 {[%emt 0:00:30]} 3. Nd2 {[%emt 0:00:30]} c5 {[%emt 0:00:30]} 4. exd5 {[%emt 0:00:30]} Qxd5 {[%emt 0:00:30]} 5. Ngf3 {[%emt 0:00:30]} cxd4 {[%emt 0:00:30]} 6. Bc4 {[%emt 0:00:30]} Qd6 {[%emt 0:00:30]} 7. O-O {[%emt 0:00:30]} Nc6 {[%emt 0:00:30]} 8. Nb3 {[%emt 0:00:30]} a6 {[%emt 0:00:30] C07: French Tarrasch: 3...c5, 4 Ngf3 and 4 exd5 Qxd5} 9. Nbxd4 {[%emt 0:00:30]} Nxd4 {[%emt 0:00:30]} 10. Nxd4 {[%emt 0:00:30]} Qc7 {[%emt 0:00:30]} 11. Bd3 {[%emt 0:00:30]} Nf6 {[%emt 0:00:30]} 12. Re1 {[%emt 0:00:00]} Bd7 {[%emt 0:03:30]} (12... h6 13. Qf3 Bd6 14. h3 Bh2+ 15. Kh1 Be5 16. Qe3 Nd7 17. f4 Bxd4 18. Qxd4 O-O 19. b3 Nf6 {1-0 (29) Harikrishna,P (2753)-Wang,H (2717) Huaian 2016}) 13. c3 {[%emt 0:09:00]} Bd6 {[%emt 0:03:30]} 14. h3 {[%emt 0:01:30]} Bh2+ {[%emt 0:11:30]} 15. Kh1 {[%emt 0:00:30]} Bf4 {[%emt 0:00:00]} 16. Qf3 {[%emt 0:06:30]} Bxc1 {[%emt 0:00:00]} 17. Raxc1 {[%emt 0:00:30]} O-O {[%emt 0:00:30]} 18. Bb1 $146 {[%emt 0:05:30]} ({Find the theoretical novelty and annotate with similar games:} 18. Rcd1 Rad8 19. Qe3 Bc8 20. Qe5 Qxe5 21. Rxe5 {½-½ (47) Blauhut,H (2446)-Loeschnauer,R (2372) ICCF email 2004}) 18... Rad8 {[%emt 0:04:30]} 19. Re3 {[%emt 0:20:30]} Bc8 {[%emt 0:05:30]} 20. Rce1 {[%emt 0:00:30]} b5 {[%emt 0:05:30]} 21. Re5 {[%emt 0:05:30]} Bb7 {[%emt 0:11:30]} 22. Qf4 {[%emt 0:05:30]} Rd5 {[%emt 0:09:30]} 23. a3 {[%emt 0:06:30]} h6 {[%emt 0:05:30]} 24. Qe3 {[%emt 0:02:30]} Rxe5 {[%emt 0:05:30]} 25. Qxe5 {[%emt 0:00:00]} Qxe5 {[%emt 0:00:30]} 26. Rxe5 {[%emt 0:00:00]} Bd5 {[%emt 0:00:00]} 27. Re2 {[%emt 0:12:30]} Rd8 {[%emt 0:08:00]} 28. Kg1 {[%emt 0:02:30]} Kf8 {[%emt 0:00:30]} 29. f3 {[%emt 0:00:30]} Nd7 {[%emt 0:06:47]} 30. Be4 {[%emt 0:00:30]} Bxe4 {[%emt 0:02:08]} 31. Rxe4 {[%emt 0:00:30]} Nb6 {[%emt 0:00:33]} 32. Kf2 {[%emt 0:01:10]} Nc4 {[%emt 0:03:00]} 33. Re2 {[%emt 0:00:01]} Rd5 {[%emt 0:00:33]} 34. f4 {[%emt 0:03:09]} g6 {[%emt 0:03:16]} 35. Kf3 {[%emt 0:04:39]} Ke7 {[%emt 0:01:21]} 36. Nc2 {[%emt 0:06:06]} Rd3+ {[%emt 0:03:03]} 37. Kf2 {[%emt 0:02:09]} Nxb2 {[%emt 0:02:10]} 38. Nb4 {[%emt 0:00:57]} Nd1+ {[%emt 0:00:44]} 39. Ke1 {[%emt 0:00:01]} Rd6 {[%emt 0:00:05]} 40. Na2 {[%emt 0:00:00]} Kd7 {[%emt 0:04:20]} 41. g4 $1 {[%emt 0:08:48]} Rd3 {[%emt 0:07:30]} 42. Nb4 {[%emt 0:01:30]} Rd6 {[%emt 0:00:30]} 43. Na2 $19 {[%emt 0:01:30]} Kc6 {[%emt 0:02:30]} 44. f5 {[%emt 0:00:30]} exf5 {[%emt 0:07:18]} 45. gxf5 {[%emt 0:00:30]} Kc5 {[%emt 0:03:16]} 46. f6 {[%emt 0:03:30]} Kc4 {[%emt 0:00:51]} 47. Re7 {[%emt 0:00:30]} Kb3 {[%emt 0:00:35]} 48. Nc1+ {[%emt 0:02:30]} Kxa3 {[%emt 0:01:33]} 49. Ne2 {[%emt 0:00:30]} Kb2 {[%emt 0:00:45]} 50. c4 {[%emt 0:02:34]} bxc4 {[%emt 0:08:25]} 51. Rxf7 {[%emt 0:00:02]} Kc2 {[%emt 0:01:14]} 52. Rc7 {[%emt 0:01:53]} Rxf6 {[%emt 0:01:58]} 53. Rxc4+ {[%emt 0:00:01]} Kd3 {[%emt 0:00:21]} 54. Rd4+ {[%emt 0:00:14]} Ke3 {[%emt 0:00:52]} 55. Rxd1 {[%emt 0:00:16]} Kf3 {[%emt 0:00:05]} 56. Kf1 {[%emt 0:03:23]} Ke3+ {[%emt 0:00:41]} 57. Ke1 {[%emt 0:00:01]} g5 {[%emt 0:00:01]} 58. Ra1 {[%emt 0:01:24]} Kf3 {[%emt 0:00:24]} 59. Kf1 {[%emt 0:01:14]} g4 {[%emt 0:01:06]} 60. hxg4 {[%emt 0:00:54]} Kxg4+ {[%emt 0:00:35]} 61. Kg2 {[%emt 0:00:01]} Rb6 {[%emt 0:00:00]} 1/2-1/2

[Event "Turkey IS Bank Super League 2017"]
[Site "Darica-Kocaeli"]
[Date "2017.07.31"]
[Round "7"]
[White "Yildiz, Betul Cemre"]
[Black "Ushenina, Anna"]
[Result "1-0"]
[WhiteElo "2326"]
[BlackElo "2458"]
[Annotator "TA"]
[PlyCount "123"]
[EventType "team-tourn"]
[EventCountry "TUR"]
[SourceTitle "playchess.com"]
[Source "ChessBase"]
[SourceQuality "1"]

{[%evp 12,123,24,19,32,12,26,7,31,7,7,7,7,0,0,0,0,0,6,-14,0,0,0,-15,0,-7,24,23,23,23,0,5,42,30,59,21,36,1,20,3,12,-60,101,107,128,142,141,132,135,133,147,139,182,180,165,171,227,227,227,227,227,227,226,226,226,226,226,222,223,222,237,232,223,222,222,222,257,269,243,243,12836,12836,12845,12845,12850,12851,12851,12851,12851,12851,12851,12851,12851,12851,12851,12851,12851,12851,12851,12851,12851,12851,12851,12851,12851,12851,12851,29992,12851,29995,12851,29996,12851,29997]} 1. d4 Nf6 2. Nf3 e6 3. c4 b6 4. g3 Bb7 5. Bg2 g6 6. O-O Bg7 7. Nc3 Ne4 {E16: Queen's Indian: 4 g3 Bb7 5 Bg2 Bb4+} (7... O-O 8. d5 exd5 9. cxd5 Re8 10. Nd4 c5 11. dxc6 dxc6 12. Bf4 Nh5 13. Be3 Qd7 14. Nb3 Qe7 15. Qd2 Nd7 {0-1 (70) Inarkiev,E (2732)-Hou,Y (2658) Petropavlovsk Kamchatsky 2016}) 8. Bd2 d6 9. Rc1 $146 ({Predecessor:} 9. Nxe4 Bxe4 10. Bc3 O-O 11. Qd2 Nd7 12. Rac1 a5 13. Rfd1 a4 14. b4 axb3 15. axb3 {½-½ (72) Nguyen,D (2121)-Vo,T (2348) Ho Chi Minh City 2015}) 9... Nd7 {The position is equal.} 10. d5 Nxd2 11. Qxd2 e5 12. b4 a5 13. a3 O-O 14. e4 Nf6 15. Ne1 {[%cal Bf3e1,Be1d3,Bd3c5][%mdl 32]} Nh5 16. Bf3 Nf6 17. Nd3 Re8 18. Bg2 Nh5 19. c5 axb4 20. axb4 bxc5 21. bxc5 dxc5 22. Nxc5 Bc8 23. Rfd1 Bf8 24. Nd3 Bg4 25. Rf1 Bd7 26. f4 ({White should try} 26. Rb1 $11) 26... Bd6 $2 (26... exf4 $15 {stays ahead.} 27. gxf4 Qh4) 27. fxe5 $16 Bxe5 28. Nxe5 Rxe5 29. Nd1 Rc8 30. Ne3 Re8 31. Qf2 $36 {[%mdl 2048] White is in control.} f6 32. g4 Ng7 33. Qxf6 Qe7 (33... Qxf6 {was worth a try.} 34. Rxf6 Re7) 34. Qxe7 $18 Rxe7 {[#]} 35. d6 $1 {[%cal Rd6e7]} cxd6 36. Nd5 Rf7 37. Nf6+ Rxf6 38. Rxc8+ Bxc8 39. Rxf6 {[%mdl 4096] [#] Endgame Black must now prevent e5. KRB-KBN} Ne8 40. Rf4 g5 41. Rf3 Bxg4 42. Rg3 Nf6 43. h3 Bd7 44. Rxg5+ Kf7 45. Ra5 Bc6 $2 (45... Be6 46. e5 dxe5 47. Rxe5 Ke7) 46. e5 Bxg2 47. Kxg2 dxe5 48. Rxe5 {KR-KN} Kg6 49. Kg3 Nh5+ 50. Kf3 Nf6 51. Ra5 h6 52. h4 Ne8 53. Kf4 Ng7 54. Kg4 Kh7 55. Ra6 Ne8 56. Kf5 Ng7+ 57. Kf6 {Intending Ra7 and mate.} Nh5+ 58. Kf7 Ng7 59. Ra5 (59. h5 $18 Nxh5 60. Rg6) 59... h5 60. Rg5 (60. Re5 $18 Kh6 61. Rg5 Ne8 62. Kxe8 Kh7 63. Kf7 Kh6 64. Rf5 Kh7 65. Rxh5#) 60... Kh8 61. Rg6 {[%cal Rg6h6]} Nf5 62. Rf6 {Precision: White = 51%, Black = 32%.} 1-0

[Event "Turkey IS Bank Super League 2017"]
[Site "Darica-Kocaeli"]
[Date "2017.07.31"]
[Round "7"]
[White "Ozen, Bahadir"]
[Black "Ozen, Deniz"]
[Result "1/2-1/2"]
[WhiteElo "2315"]
[BlackElo "2351"]
[Annotator "NA"]
[PlyCount "83"]
[EventType "team-tourn"]
[EventCountry "TUR"]
[SourceTitle "playchess.com"]
[Source "ChessBase"]
[SourceQuality "1"]
[TimeControl "40/5400+30:1800+30"]

{[%evp 33,83,-29,59,66,66,68,72,0,35,0,62,5,0,0,2,-2,6,0,0,0,0,0,6,0,0,0,7,0,1,0,0,0,4,0,0,0,0,0,0,0,0,0,3,0,0,0,0,0,0,32767,32767,0]} 1. g3 {[%emt 0:01:30]} d5 {[%emt 0:01:00]} 2. Bg2 {[%emt 0:00:30]} Nf6 {[%emt 0:00:30]} 3. Nf3 {[%emt 0:00:30]} Bf5 {[%emt 0:00:30]} 4. O-O {[%emt 0:00:30]} e6 {[%emt 0:00:30]} 5. d3 {[%emt 0:00:30]} Be7 {[%emt 0:00:30]} 6. Nbd2 {[%emt 0:00:30]} h6 {[%emt 0:00:30]} 7. c4 {[%emt 0:00:30]} c6 {[%emt 0:00:30]} 8. b3 {[%emt 0:00:30]} O-O {[%emt 0:00:30]} 9. Bb2 {[%emt 0:00:30]} Nbd7 {[%emt 0:00:00]} 10. Qc2 {[%emt 0:00:00]} a5 {[%emt 0:00:00]} 11. a3 {[%emt 0:00:00]} Re8 {[%emt 0:00:00]} 12. Bc3 {[%emt 0:06:30]} Bd6 {[%emt 0:02:00]} 13. b4 {[%emt 0:02:30]} axb4 {[%emt 0:00:30]} 14. axb4 {[%emt 0:00:00]} Qe7 {[%emt 0:00:30]} 15. e4 {[%emt 0:04:00]} dxe4 {[%emt 0:00:30]} 16. dxe4 {[%emt 0:00:30]} Bh7 {[%emt 0:00:00]} 17. Qb2 {[%emt 0:01:30]} ({Better is} 17. Rxa8 $14 Rxa8 18. c5) 17... e5 {[%emt 0:02:00]} (17... Rxa1 $1 $11 18. Rxa1 Nxe4 19. Nxe4 Bxe4) 18. Nh4 {[%emt 0:02:30]} Qe6 $1 {[%emt 0:01:30]} 19. Qc2 {[%emt 0:00:30]} Qe7 $1 {[%emt 0:00:00]} 20. Qb2 {[%emt 0:01:30]} Qe6 {[%emt 0:00:00]} 21. Qc2 {[%emt 0:00:00]} Qe7 {[%emt 0:00:00]} 22. Ra4 {[%emt 0:02:00]} Rxa4 {[%emt 0:02:00]} 23. Qxa4 {[%emt 0:01:30]} b5 {[%emt 0:00:00]} 24. cxb5 {[%emt 0:04:30]} cxb5 {[%emt 0:00:00]} 25. Qxb5 {[%emt 0:00:30]} Rb8 {[%emt 0:00:30]} 26. Qc6 {[%emt 0:01:30]} Bxb4 {[%emt 0:00:00]} 27. Rb1 {[%emt 0:02:30]} Bxc3 {[%emt 0:00:00]} 28. Rxb8+ {[%emt 0:00:30]} Nxb8 {[%emt 0:00:30]} 29. Qxc3 {[%emt 0:00:30]} Nbd7 {[%emt 0:00:00]} 30. Qc8+ {[%emt 0:01:30]} Qf8 {[%emt 0:00:00]} 31. Qc4 {[%emt 0:02:30]} Qe7 {[%emt 0:00:30]} 32. Qc8+ {[%emt 0:00:30]} Qe8 {[%emt 0:00:30]} 33. Qxe8+ {[%emt 0:01:30]} Nxe8 {[%emt 0:00:00]} 34. Nf5 {[%emt 0:00:00]} Nc5 {[%emt 0:00:00]} 35. Ne3 {[%emt 0:01:00]} Nd6 {[%emt 0:01:30]} 36. f3 {[%emt 0:00:30]} Kf8 {[%emt 0:00:00]} 37. Bf1 {[%emt 0:00:30]} f6 {[%emt 0:00:00]} 38. Ndc4 {[%emt 0:01:30]} Nxc4 {[%emt 0:01:30]} 39. Bxc4 {[%emt 0:00:30]} Bg8 {[%emt 0:00:30]} 40. Bd5 {[%emt 0:00:00]} Bxd5 {[%emt 0:30:30]} 41. Nxd5 {[%emt 0:02:00]} Kf7 {[%emt 0:00:00]} 42. Kf2 $11 {[%emt 0:00:30]} 1/2-1/2

[Event "Turkey IS Bank Super League 2017"]
[Site "Darica-Kocaeli"]
[Date "2017.07.31"]
[Round "7"]
[White "Tuna, Alp"]
[Black "Ozenir, Ekin Baris"]
[Result "1/2-1/2"]
[WhiteElo "2280"]
[BlackElo "2098"]
[Annotator "NA"]
[PlyCount "127"]
[EventType "team-tourn"]
[EventCountry "TUR"]
[SourceTitle "playchess.com"]
[Source "ChessBase"]
[SourceQuality "1"]
[TimeControl "40/5400+30:1800+30"]

1. e4 {[%emt 0:00:30]} e6 {[%emt 0:01:00]} 2. d4 {[%emt 0:00:30]} d5 {[%emt 0:00:30]} 3. Nd2 {[%emt 0:00:30]} c5 {[%emt 0:00:30]} 4. Ngf3 {[%emt 0:00:30]} Nf6 {[%emt 0:00:30]} 5. exd5 {[%emt 0:00:30]} exd5 {[%emt 0:00:30]} 6. Bb5+ {[%emt 0:00:30]} Bd7 {[%emt 0:00:30]} 7. Bxd7+ {[%emt 0:00:30]} Nbxd7 {[%emt 0:00:30]} 8. O-O {[%emt 0:00:30]} Be7 {[%emt 0:00:30]} 9. dxc5 {[%emt 0:00:00]} Nxc5 {[%emt 0:00:30]} 10. Nb3 {[%emt 0:00:00]} Nce4 {[%emt 0:00:30]} 11. Nfd4 {[%emt 0:00:00]} Qd7 {[%emt 0:00:30]} 12. f3 {[%emt 0:00:00]} Nd6 {[%emt 0:01:30]} 13. Nc5 {[%emt 0:00:00] C08: French Tarrasch: 3...c5 4 exd5 exd5 sidelines} Qc8 {[%emt 0:01:30]} 14. Nd3 {[%emt 0:00:00]} O-O {[%emt 0:00:30]} 15. b3 {[%emt 0:10:30]} Bd8 {[%emt 0:05:30]} 16. Be3 {[%emt 0:01:30]} Bb6 {[%emt 0:00:30]} 17. Qd2 {[%emt 0:01:30]} Re8 {[%emt 0:07:30]} 18. Bf2 {[%emt 0:01:30] [#]} Qd7 $146 {[%emt 0:10:30]} ({Predecessor:} 18... Nf5 19. c3 Nxd4 20. Bxd4 Bxd4+ 21. cxd4 Qf5 22. Rfe1 h6 23. Re5 Rxe5 24. Nxe5 Nd7 25. Re1 Rc8 26. Nxd7 {½-½ (26) Sokolov,A (2596)-Vaganian,R (2617) Bazna 2008}) 19. Rae1 {[%emt 0:19:30]} Rac8 {[%emt 0:08:30]} 20. Rxe8+ {[%emt 0:02:30]} Qxe8 {[%emt 0:05:30]} 21. Re1 {[%emt 0:02:30]} Qd8 {[%emt 0:01:30]} 22. Re2 {[%emt 0:03:30]} Rc7 {[%emt 0:14:30]} 23. Kf1 {[%emt 0:17:30]} h6 {[%emt 0:05:30]} 24. Qf4 {[%emt 0:02:30]} Re7 {[%emt 0:09:30]} 25. Rxe7 $14 {[%emt 0:11:30]} Qxe7 {[%emt 0:00:30]} 26. Qe5 {[%emt 0:05:13]} Qd7 {[%emt 0:04:30]} 27. Bg3 {[%emt 0:07:41]} Nde8 {[%emt 0:02:07]} 28. Bf2 {[%emt 0:04:28]} Nd6 {[%emt 0:05:46]} 29. Ke2 {[%emt 0:03:13]} Bc7 {[%emt 0:04:27]} 30. Qe3 {[%emt 0:01:02]} Bb6 {[%emt 0:01:38]} 31. Qf4 {[%emt 0:03:10]} Bc7 {[%emt 0:00:53]} 32. Qd2 {[%emt 0:01:02]} Nf5 {[%emt 0:01:03]} 33. Kd1 {[%emt 0:00:08]} b6 {[%emt 0:03:02]} 34. g4 {[%emt 0:00:47]} Nxd4 {[%emt 0:00:12]} 35. Bxd4 {[%emt 0:00:15]} Qe6 {[%emt 0:01:00]} 36. h3 {[%emt 0:00:52]} Nd7 {[%emt 0:00:52]} 37. Qc3 {[%emt 0:00:50]} Bg3 {[%emt 0:00:45]} 38. Kc1 {[%emt 0:01:15]} f6 {[%emt 0:00:39]} 39. Qd2 {[%emt 0:00:29]} Ne5 {[%emt 0:01:06]} 40. Nf4 {[%emt 0:00:00]} Bxf4 {[%emt 0:01:30]} 41. Qxf4 {[%emt 0:01:35]} Nc6 {[%emt 0:01:30]} 42. Kd2 {[%emt 0:17:31]} Qe7 {[%emt 0:02:30]} 43. Qe3 {[%emt 0:01:34]} Kf7 {[%emt 0:07:30]} 44. Qxe7+ {[%emt 0:06:11]} Kxe7 {[%emt 0:00:00]} 45. Bb2 {[%emt 0:00:52]} Ke6 {[%emt 0:01:00]} 46. a4 {[%emt 0:01:29]} a6 {[%emt 0:03:03]} 47. Ke3 {[%emt 0:02:11]} b5 {[%emt 0:01:09]} 48. Bc3 {[%emt 0:00:36]} g6 {[%emt 0:03:08]} 49. h4 {[%emt 0:01:22]} h5 {[%emt 0:01:33]} 50. axb5 {[%emt 0:00:50]} axb5 {[%emt 0:00:10]} 51. Be1 {[%emt 0:01:03]} f5 {[%emt 0:03:19]} 52. gxh5 {[%emt 0:01:19]} gxh5 {[%emt 0:00:17]} 53. Bc3 {[%emt 0:00:00]} Kf7 {[%emt 0:01:22]} 54. Kf4 {[%emt 0:00:29]} d4 {[%emt 0:03:00]} 55. Bb2 {[%emt 0:01:17]} Kg6 {[%emt 0:00:09]} 56. c3 {[%emt 0:00:15]} dxc3 {[%emt 0:00:41]} 57. Bxc3 {[%emt 0:00:01]} b4 {[%emt 0:00:14]} 58. Bd2 {[%emt 0:00:56]} Kf6 {[%emt 0:00:31]} 59. Be1 {[%emt 0:00:15]} Kg6 {[%emt 0:00:17]} 60. Bd2 {[%emt 0:01:02]} Kf6 {[%emt 0:00:30]} 61. Be1 {[%emt 0:00:00]} Kg6 {[%emt 0:00:00]} 62. Ke3 {[%emt 0:00:34]} Kf6 {[%emt 0:00:31]} 63. Kd3 {[%emt 0:00:12]} Ke5 {[%emt 0:00:16]} 64. Ke3 {[%emt 0:00:55]} 1/2-1/2

[Event "Turkey IS Bank Super League 2017"]
[Site "Darica-Kocaeli"]
[Date "2017.07.31"]
[Round "7"]
[White "Demircioglu, Emre"]
[Black "Uzumcu, Ahmet Utku"]
[Result "1/2-1/2"]
[WhiteElo "2265"]
[BlackElo "2223"]
[Annotator "NA"]
[PlyCount "69"]
[EventType "team-tourn"]
[EventCountry "TUR"]
[SourceTitle "playchess.com"]
[Source "ChessBase"]
[SourceQuality "1"]
[TimeControl "40/5400+30:1800+30"]

1. d4 {[%emt 0:00:30]} Nf6 {[%emt 0:02:00]} 2. c4 {[%emt 0:00:30]} g6 {[%emt 0:00:30]} 3. Nc3 {[%emt 0:00:30]} d5 {[%emt 0:00:30]} 4. cxd5 {[%emt 0:00:30]} Nxd5 {[%emt 0:00:30]} 5. e4 {[%emt 0:00:30]} Nxc3 {[%emt 0:00:30]} 6. bxc3 {[%emt 0:00:30]} Bg7 {[%emt 0:00:30]} 7. Be3 {[%emt 0:00:30]} c5 {[%emt 0:00:30]} 8. Qd2 {[%emt 0:00:30]} Nc6 {[%emt 0:00:30]} 9. Nf3 {[%emt 0:00:00]} cxd4 {[%emt 0:00:30]} 10. cxd4 {[%emt 0:00:00]} O-O {[%emt 0:02:30]} 11. Rb1 {[%emt 0:06:30]} Qa5 {[%emt 0:09:30] D85: Exchange Grünfeld: Unusual White 7th moves and lines with 7 Nf3} (11... Bg4 $5 {[%cal Rg4f3]}) 12. Qxa5 {[%emt 0:24:30] LiveBook: 22 Games} Nxa5 {[%emt 0:00:00]} 13. h3 {[%emt 0:02:30]} (13. Bd3 Rd8 14. O-O b6 15. Rfd1 Bb7 16. Bd2 Nc6 17. d5 Ne5 18. Nxe5 Bxe5 {½-½ (68) Akobian,V (2645)-Xiong,J (2674) Saint Louis 2017}) 13... f5 $146 {[%emt 0:09:00]} ({Predecessor:} 13... b6 14. Bd3 f5 15. Bd2 fxe4 16. Bxe4 Bb7 17. Bxb7 Nxb7 18. O-O Nd6 19. Bb4 {½-½ (41) Stukopin,A (2553)-Gordievsky,D (2435) Loo 2014}) 14. e5 {[%emt 0:02:30]} b6 {[%emt 0:03:30]} 15. Bd2 {[%emt 0:11:30]} Be6 {[%emt 0:06:30]} 16. Bxa5 {[%emt 0:00:30]} bxa5 {[%emt 0:00:30]} 17. Ba6 {[%emt 0:01:30]} Rab8 {[%emt 0:05:30]} 18. O-O {[%emt 0:00:30]} Bh6 {[%emt 0:01:30]} 19. h4 {[%emt 0:07:30]} Rfd8 {[%emt 0:03:30]} 20. a4 {[%emt 0:03:30]} Bd5 $17 {[%emt 0:03:30]} 21. Ng5 {[%emt 0:03:30]} Bxg5 {[%emt 0:05:30]} 22. hxg5 {[%emt 0:00:30]} Rb4 {[%emt 0:00:00]} 23. Rbc1 {[%emt 0:02:30]} Rxd4 {[%emt 0:09:00]} 24. Rc7 {[%emt 0:00:30]} Kf8 {[%emt 0:01:30]} 25. Rxa7 {[%emt 0:02:30]} Ra8 {[%emt 0:12:30]} 26. Rxa8+ {[%emt 0:00:30]} Bxa8 {[%emt 0:00:30]} 27. Rc1 {[%emt 0:01:30]} Kf7 {[%emt 0:00:30]} 28. Rc8 {[%emt 0:05:30]} Bd5 {[%emt 0:03:30]} 29. Rc5 {[%emt 0:01:30]} Bb3 {[%emt 0:02:52]} 30. Rxa5 {[%emt 0:00:30]} Bxa4 {[%emt 0:00:59]} 31. f3 {[%emt 0:05:02]} Bb3 {[%emt 0:01:51]} 32. Rc5 {[%emt 0:03:25]} f4 {[%emt 0:02:26]} 33. Rc8 {[%emt 0:01:00]} Rd1+ {[%emt 0:03:11]} 34. Kh2 {[%emt 0:01:10]} Re1 {[%emt 0:00:34]} 35. Bc4+ {[%emt 0:00:40]} 1/2-1/2

[Event "Turkey IS Bank Super League 2017"]
[Site "Darica-Kocaeli"]
[Date "2017.07.31"]
[Round "7"]
[White "Yaran, Siar"]
[Black "Citak, Selim"]
[Result "1/2-1/2"]
[WhiteElo "2253"]
[BlackElo "2306"]
[Annotator "NA"]
[PlyCount "99"]
[EventType "team-tourn"]
[EventCountry "TUR"]
[SourceTitle "playchess.com"]
[Source "ChessBase"]
[SourceQuality "1"]
[TimeControl "40/5400+30:1800+30"]

1. e4 {[%emt 0:00:30]} e5 {[%emt 0:02:00]} 2. f4 {[%emt 0:00:30]} d5 {[%emt 0:00:30]} 3. exd5 {[%emt 0:00:30]} exf4 {[%emt 0:00:30]} 4. Nf3 {[%emt 0:00:30]} Nf6 {[%emt 0:00:30]} 5. Bc4 {[%emt 0:00:30]} Nxd5 {[%emt 0:00:00]} 6. O-O {[%emt 0:03:30]} Be6 {[%emt 0:00:00]} 7. Bb3 {[%emt 0:00:30]} c5 {[%emt 0:00:00] C36: King's Gambit Accepted: 3 Nf3 d5} 8. d4 {[%emt 0:00:00]} (8. Kh1 Nc6 9. d4 c4 10. Ba4 Bd6 11. b3 c3 12. Qd3 O-O 13. Bxc6 bxc6 14. Nxc3 Re8 15. Nxd5 Bxd5 {1-0 (41) Nakamura,H (2758)-Adams,M (2734) London 2011}) 8... cxd4 {[%emt 0:02:00]} 9. Nxd4 {[%emt 0:03:00]} Bc5 {[%emt 0:02:30]} 10. Kh1 {[%emt 0:01:30]} Bxd4 {[%emt 0:03:30]} 11. Qxd4 {[%emt 0:01:30]} O-O {[%emt 0:09:30] LiveBook: 4 Games} 12. c4 {[%emt 0:18:30]} Nc6 {[%emt 0:00:30]} 13. Qe4 {[%emt 0:00:30]} Nf6 {[%emt 0:31:30]} 14. Qxf4 {[%emt 0:00:30]} Qd4 {[%emt 0:08:30]} 15. Bd2 $146 {[%emt 0:28:30]} ({Predecessor:} 15. Nc3) 15... Qxf4 {[%emt 0:06:30]} 16. Rxf4 {[%emt 0:00:00]} Ne5 {[%emt 0:01:30]} 17. Bc3 {[%emt 0:02:00]} Nd3 {[%emt 0:00:30]} 18. Rd4 {[%emt 0:13:30]} Ne4 {[%emt 0:03:30]} 19. Kg1 {[%emt 0:00:30]} Nxc3 $11 {[%emt 0:00:30]} 20. Nxc3 {[%emt 0:00:30]} Rfd8 {[%emt 0:03:30]} 21. Nd5 {[%emt 0:03:30]} Bxd5 {[%emt 0:06:48]} 22. cxd5 {[%emt 0:03:25]} Nc5 {[%emt 0:00:05]} 23. Rc1 {[%emt 0:05:17]} Nxb3 {[%emt 0:02:42]} 24. axb3 {[%emt 0:00:01]} Rd7 {[%emt 0:00:40]} 25. Kf2 {[%emt 0:01:55]} f5 {[%emt 0:01:18]} 26. Kf3 {[%emt 0:02:17]} Rad8 {[%emt 0:00:10]} 27. Rcd1 {[%emt 0:03:06]} Kf7 {[%emt 0:00:41]} 28. d6 {[%emt 0:00:29]} Ke6 {[%emt 0:00:28]} 29. Re1+ {[%emt 0:00:30]} Kf6 {[%emt 0:00:30]} 30. Red1 {[%emt 0:00:00]} g5 {[%emt 0:02:00]} 31. h4 {[%emt 0:00:30]} h6 {[%emt 0:00:49]} 32. hxg5+ {[%emt 0:00:41]} hxg5 {[%emt 0:00:30]} 33. g4 {[%emt 0:00:06]} fxg4+ {[%emt 0:00:36]} 34. Kxg4 {[%emt 0:00:21]} Ke5 {[%emt 0:00:50]} 35. Rd5+ {[%emt 0:00:42]} Ke6 {[%emt 0:00:02]} 36. Rxg5 {[%emt 0:00:57]} Rxd6 {[%emt 0:01:04]} 37. Rg6+ {[%emt 0:01:39]} Ke5 {[%emt 0:00:17]} 38. Re1+ {[%emt 0:01:41]} Kd5 {[%emt 0:00:59]} 39. Rg7 {[%emt 0:00:31]} R8d7 {[%emt 0:02:24]} 40. Rxd7 {[%emt 0:04:58]} Rxd7 {[%emt 0:01:07]} 41. Rc1 {[%emt 0:05:54]} Rf7 {[%emt 0:03:30]} 42. Kg3 {[%emt 0:00:30]} Kd4 {[%emt 0:03:30]} 43. Rc3 {[%emt 0:01:30]} Rf6 {[%emt 0:00:30]} 44. Rc4+ {[%emt 0:03:30]} Kd3 {[%emt 0:00:30]} 45. Rc7 {[%emt 0:00:30]} Rb6 {[%emt 0:00:30]} 46. Rc3+ {[%emt 0:00:30]} Kd2 {[%emt 0:00:30]} 47. Kf4 {[%emt 0:00:30]} Ra6 {[%emt 0:17:02]} 48. Ke4 {[%emt 0:06:40]} Ra2 {[%emt 0:00:18]} 49. Rc7 {[%emt 0:00:32]} b6 {[%emt 0:06:53]} 50. Kd4 {[%emt 0:00:12]} 1/2-1/2